Ako podnikať

Z obsahu: Zefektívňovanie logistiky nie je iba o šetrení. K štíhlemu podniku. Skladové zásoby. Firma sú ľudia. Dr. Jekyll a Mr. Hyde - riadenie nie je pozícia, ale myslenie. Efektívny predajca - neformálnosť a vulgárnosť. Vyradenie nepredajného tovaru. Poradenstvo - zamestnávanie zdravotne postihnut...

Descrizione completa

Salvato in:
Dettagli Bibliografici
Natura: Capitolo di libro
Lingua:slovacco
Soggetti:
Tags: Aggiungi Tag
Nessun Tag, puoi essere il primo ad aggiungerne!!

MARC

LEADER 00000naa$a2200000$$$4500
001 0049312
005 20231009084421.2
041 0 |a slo 
044 |a SK 
245 1 0 |a Ako podnikať 
520 |a Z obsahu: Zefektívňovanie logistiky nie je iba o šetrení. K štíhlemu podniku. Skladové zásoby. Firma sú ľudia. Dr. Jekyll a Mr. Hyde - riadenie nie je pozícia, ale myslenie. Efektívny predajca - neformálnosť a vulgárnosť. Vyradenie nepredajného tovaru. Poradenstvo - zamestnávanie zdravotne postihnutých. 
610 2 0 |a podnikanie 
610 2 0 |a logistika 
610 2 0 |a logistika podniková 
610 2 0 |a zásoby 
610 2 0 |a firmy 
610 2 0 |a riadenie 
610 2 0 |a myslenie ekonomické 
610 2 0 |a predajcovia 
610 2 0 |a poradenstvo 
610 2 0 |a zamestnanci 
610 2 0 |a schopnosti pracovné zmenené